Determinanty produkcie znalostí na európskych univerzitách

Skúmanie funkcie produkcie znalostí európskych univerzít a vzťahu medzi ľudskými zdrojmi, finančnými vstupmi a vedeckým výstupom, meraným akademickými publikáciami.

Na minha lista:
Detalhes bibliográficos
Autor principal: Šimčisko, Juraj, 2000-
Formato: Capítulo de Livro
Idioma:eslovaco
Assuntos:
Tags: Adicionar Tag
Sem tags, seja o primeiro a adicionar uma tag!

MARC

LEADER 00000naa a2200000 4500
001 0311336
005 20260318083351.8
041 0 |a slo 
044 |a SK 
245 1 0 |a Determinanty produkcie znalostí na európskych univerzitách  |c Juraj Šimčisko 
520 |a Skúmanie funkcie produkcie znalostí európskych univerzít a vzťahu medzi ľudskými zdrojmi, finančnými vstupmi a vedeckým výstupom, meraným akademickými publikáciami. 
610 2 0 |a funkcie produkčné 
610 2 0 |a schopnosti pracovné 
610 2 0 |a vedomosti 
610 2 0 |a Európska únia 
610 2 0 |a univerzity 
610 2 0 |a zdroje ľudské 
610 2 0 |a input-output 
610 2 0 |a financie 
610 2 0 |a veda 
100 1 |a Šimčisko, Juraj, 2000-